[Event "MCR mladeze 2019 - H12"]
[Site "Kouty nad Desnou"]
[Date "2019.03.13"]
[Round "6"]
[White "Day, Tobias"]
[Black "Prazak, Daniel"]
[Result "0-1"]
[WhiteElo "1440"]
[BlackElo "1547"]
[EventDate "2019.03.09"]

1. e4  c6  2. d4  d5
3. Nd2  dxe4  4. Nxe4
Nf6  5. Nxf6+  exf6
6. Nf3  Bd6  7. Be3
O-O  8. Qd2  Re8
9. Be2  Nd7  10. h3
Nf8  11. O-O-O  Qc7
12. g4  Ng6  13. Kb1
Bf4  14. Bd3  Bxe3
15. fxe3  Bd7  16. Rdg1
Re7  17. h4 Rae8  18. h5
Nf8  19. e4  c5
20. e5  fxe5  21. dxe5  Bc6
22. Qf2  Bxf3  23. Qxf3
Qxe5  24. Qf2  Qe3
25. Qxe3  Rxe3  26. a3
Ne6  27. Rd1  Nd4
28. c3  Nf3  29. Bb5
Rb8  30. Rd7  a6
31. Ba4  Ne5  32. Rc7 Nxg4
33. Rxc5  Re7  34. Bb3
Nf6  35. Rf5  Rbe8
36. Ka2  h6  37. Rg1
Kf8  38. Rd1  Re1
39. Rd6  Rh1  40. Rb6
Re7  41. Rc5  Rxh5
42. Rc8+  Ne8  43. Ba4
Rhe5  44. Rxe8+  Rxe8
45. Bxe8  Kxe8  46. Rxb7
g5  47. c4  g4
48. Rb3  Rg5  49. Rg3  h5
50. Kb1  h4  51. Rg1
h3  52. c5  g3
53. c6  Kd8  54. Kc2  g2
55. c7+  Kxc7  56. Kd3
h2  57. Rc1+  Kd7
58. Ke2  g1=Q 0-1

[Event "MCR mladeze 2019 - H12"]
[Site "Kouty nad Desnou"]
[Date "2019.03.13"]
[Round "6"]
[White "Buchta, Bartolomej"]
[Black "Brozka, Karel"]
[Result "1/2-1/2"]
[WhiteElo "1648"]
[BlackElo "1863"]
[EventDate "2019.03.09"]

1. e4  c6  2. d4  d5
3. Nc3  dxe4  4. Nxe4
Nd7  5. Ne2  Ngf6
6. N2g3  g6  7. Bc4
Bg7  8. Be3  Nxe4
9. Nxe4  Nf6  10. Nxf6+
Bxf6  11. h4  h5
12. c3  b5  13. Be2
Be6  14. g4  hxg4
15. Bxg4  Bd5  16. Bf3
Rxh4  17. Rxh4  Bxh4
18. Qe2  Qd6  19. a3
f5  20. Bh6  Bf6
21. O-O-O  O-O-O  22. Qe3
Rh8  23. Bf4  Qd7
24. Rg1  Rh3  25. Rg3
Rxg3  26. Bxg3  g5
27. Bxd5  Qxd5  28. Be5
Kd7  29. Qh3  Qe6
30. Qd3  g4  31. Bxf6
Qe1+  32. Qd1  Qxd1+
33. Kxd1  exf6  34. Ke2 f4
35. f3  f5  36. b3
Kd6  37. c4  a6
38. a4  Kd7  39. a5  1/2-1/2

[Event "MCR mladeze 2019 - H12"]
[Site "Kouty nad Desnou"]
[Date "2019.03.13"]
[Round "6"]
[White "Matusik, Ondrej"]
[Black "Dolensky, Filip"]
[Result "1-0"]
[WhiteElo "1417"]
[BlackElo "1698"]
[EventDate "2019.03.09"]

1. e4  c5  2. Nf3  a6
3. c3  g6  4. d4
cxd4  5. cxd4  d5
6. e5  Nc6  7. Be2
Bg4  8. O-O  Bxf3
9. Bxf3  e6  10. b3
Qb6  11. Bb2  Nge7
12. Qd3  Nf5  13. Rd1
h5  14. Nc3  Rd8
15. Na4  Qa7  16. Be2
Be7  17. a3  O-O
18. b4  Kg7  19. Bc3
Rh8  20. Kf1  g5
21. Nc5  Qb6  22. Na4
Qc7  23. Nc5  Bxc5
24. bxc5  Qe7  25. Qd2
f6  26. f4  fxe5
27. fxe5  g4  28. Kg1
Rdf8  29. Rab1  Rf7
30. Qc1  Qh4  31. Be1
Qe7  32. Bc3  Rhf8
33. Qc2  Ne3  34. Qd2
Nxd1  35. Rxd1  Rf4
36. Qb2  R8f7  37. g3
Rf2  38. Be1  R2f5
39. Bd3  Rf3  40. Be2
Re3  41. Bf2  Re4
42. Bd3  Rxf2  43. Kxf2
Rxd4  44. Kg1  Nxe5
45. Qxd4  Qf6  46. Be2
Kg8  47. Qf2  Qe7
48. Qd4  Nc6  49. Qf2
d4  50. Rc1  e5
51. Qf5  e4  52. Qd5+  Kg7
53. Bc4  d3  54. Qg8+
Kf6  55. Rf1+  Ke5
56. Qd5#  1-0

[Event "MCR mladeze 2019 - H12"]
[Site "Kouty nad Desnou"]
[Date "2019.03.13"]
[Round "6"]
[White "Kanak, Matyas"]
[Black "Tajovsky, Simon"]
[Result "0-1"]
[WhiteElo "1425"]
[BlackElo "1453"]
[EventDate "2019.03.09"]

1. e4  c5  2. b3  Nc6
3. Bb2  d6  4. f4
Nf6  5. Nf3  Nxe4
6. d3  Qa5+  7. Nbd2
Nc3  8. Qc1  Nd5
9. c4  Nxf4  10. Bc3
Nb4  11. a3  Nfxd3+
12. Bxd3  Nxd3+  13. Kf1
Nxc1  14. Bxa5  Nd3
15. Bc3  Nf4  16. Re1
Bf5  17. Nh4  Bd7
18. Ne4  O-O-O  19. b4 cxb4
20. axb4  Be6  21. c5
Bc4+  22. Kg1  Ne2+
23. Kf2  Nxc3  24. Nxc3
dxc5  25. bxc5  e6
26. Nf3  Bxc5+  27. Kg3
Kb8  28. Ne4  Bb6
29. Rc1  Bd5  30. Neg5
Bxf3  31. gxf3  Rd7
32. Rhd1  Rxd1  33. Rxd1
Rd8  34. Re1  Rd7
35. Nxh7  a5  36. Ng5
Bc7+  37. f4  Rd3+
38. Kg4  f5+  39. Kh5
Bxf4  40. Nxe6  Bxh2
41. Nxg7  f4  42. Kh4
Bg3+  0-1

[Event "MCR mladeze 2019 - H12"]
[Site "Kouty nad Desnou"]
[Date "2019.03.13"]
[Round "6"]
[White "Vilimek, Vit"]
[Black "Soucek, Jan"]
[Result "0-1"]
[WhiteElo "1469"]
[BlackElo "1573"]
[EventDate "2019.03.09"]

1. e4  e5  2. Nf3  Nc6
3. Bb5  Bc5  4. Bxc6
dxc6  5. Nc3  Bg4
6. h3  Bh5  7. g4
Bg6  8. Nxe5  Bxf2+
9. Ke2  Bb6  10. Nxg6
hxg6  11. d3  Qd4
12. Qf1  f6  13. Bd2
O-O-O  14. a3  c5
15. Be3  Qd7  16. Nd5
Ne7  17. Nxb6+  axb6
18. Rd1  f5  19. Qg2
fxe4  20. dxe4  Qb5+
21. Kf3  Rdf8+  22. Kg3
Qxb2  23. Rhf1  Qe5+
24. Bf4  Rxf4  25. Rxf4
g5  26. Rdf1  gxf4+
27. Kf2  Qd4+  28. Ke2
Qe3+  29. Kd1  Rd8+
0-1

[Event "MCR mladeze 2019 - H12"]
[Site "Kouty nad Desnou"]
[Date "2019.03.13"]
[Round "6"]
[White "Kopecky, Matej"]
[Black "Simunek, Jakub Simon"]
[Result "1/2-1/2"]
[WhiteElo "1321"]
[BlackElo "1529"]
[EventDate "2019.03.09"]

1. d4  d5  2. c4  e6
3. Nc3  Nf6  4. Bg5
Nbd7  5. Nf3  c6
6. cxd5  exd5  7. e3
Qa5  8. Bxf6  Nxf6
9. a3  Ne4  10. Qc1
Nxc3  11. Qxc3  Qxc3+
12. bxc3  Bf5  13. Kd2
Bd6  14. Bd3  Be4
15. Ke2  Ke7  16. Bxe4
dxe4  17. Nd2  f5
18. Nc4  c5  19. Nxd6
1/2-1/2

[Event "MCR mladeze 2019 - H14"]
[Site "Kouty nad Desnou"]
[Date "2019.03.13"]
[Round "6"]
[White "Babula, Vlastimil"]
[Black "Neumann, Filip"]
[Result "0-1"]
[WhiteElo "2040"]
[BlackElo "1897"]
[EventDate "2019.03.09"]

1. e4  e5  2. f4  exf4
3. Nf3  g5  4. Nc3
Bg7  5. d4  d6
6. Bc4  Be6  7. d5  Bg4
8. Qd3  Bxf3  9. Qxf3
Nd7  10. Bb5  Qe7
11. g3  fxg3  12. hxg3
O-O-O  13. Bd2  Ne5
14. Qf5+  Kb8  15. O-O-O
h6  16. Be3  Nf6
17. Qf2  a6  18. Be2
Nfg4  19. Ba7+  Ka8
20. Qg1  b6  21. Bxb6
cxb6  22. Bxa6  Nd7
23. Bb5  Bxc3  24. bxc3
Nc5  25. Kb2  Ne5
26. a4  Qc7  27. Qf1
Nxe4  28. Rb1  Qxc3+
29. Ka2  Qxc2+  30. Rb2
Qc5  31. Rb3  Qxd5
32. Rh2  Nc5  0-1

[Event "MCR mladeze 2019 - H14"]
[Site "Kouty nad Desnou"]
[Date "2019.03.13"]
[Round "6"]
[White "Hrbek, Stepan"]
[Black "Jun, Rudolf"]
[Result "1/2-1/2"]
[WhiteElo "1994"]
[BlackElo "2033"]
[EventDate "2019.03.09"]

1. Nf3  Nf6  2. g3  g6
3. b3  Bg7  4. Bb2
c5  5. c4  Nc6
6. Bg2  O-O  7. O-O  b6
8. d4  cxd4  9. Nxd4
Bb7  10. Na3  a6
11. e3  Qc7  12. Rc1
d6  13. Nac2  Ne5
14. Nf3  Nfd7  15. Nxe5
Nxe5  16. Bxe5  Bxe5
17. Bxb7  Qxb7  18. Qd5
Qc7  19. Nb4  Rfc8
20. Qd3  Qb7  21. f4
Bg7  22. a4  a5
23. Nc2  Rd8  24. e4  Qc6
25. Qe3  Qc5  1/2-1/2

[Event "MCR mladeze 2019 - H14"]
[Site "Kouty nad Desnou"]
[Date "2019.03.13"]
[Round "6"]
[White "Vojta, Jakub"]
[Black "Kusa, Jakub"]
[Result "1/2-1/2"]
[WhiteElo "2125"]
[BlackElo "1912"]
[EventDate "2019.03.09"]

1. d4  Nf6  2. Nc3  d5
3. Bg5  e6  4. e4
dxe4  5. Nxe4  Be7
6. Bxf6  Bxf6  7. Nf3
Nd7  8. Bd3  Be7
9. O-O  b6  10. c3
Bb7  11. Qc2  Nf6
12. Ne5  Nxe4  13. Bxe4
Bxe4  14. Qxe4  Qd5
15. Qxd5  exd5  16. Rfe1
O-O  17. Ng6  fxg6
18. Rxe7  Rf7  19. Rae1
Kf8  20. Rxf7+  Kxf7
21. Re5  c6  22. f4
b5  23. Kf2  a5
24. Ke3  a4  25. g4  Ra7
26. h4  Rb7  27. a3
Rd7  28. Kf3  Rd6
29. g5  h6  30. gxh6
gxh6  31. Kg4  1/2-1/2

[Event "MCR mladeze 2019 - H14"]
[Site "Kouty nad Desnou"]
[Date "2019.03.13"]
[Round "6"]
[White "Stalmach, Richard"]
[Black "Jares, Michal"]
[Result "1-0"]
[WhiteElo "2117"]
[BlackElo "1950"]
[EventDate "2019.03.09"]

1. d4  Nf6  2. c4  g6
3. Nc3  Bg7  4. e4
d6  5. Nf3  O-O
6. h3  e5  7. d5  a5
8. g4  Na6  9. Be3
Nc5  10. Nd2  Bd7
11. Be2  Ne8  12. h4
f5  13. gxf5  gxf5
14. h5  f4  15. Bxc5
dxc5  16. h6  Bf6
17. Bh5  Nd6  18. Qe2
Kh8  19. O-O-O  Rg8
20. Rdg1  Qe7  21. Nb5
Nxb5  22. cxb5  a4
23. Bg4  a3  24. b3
c4  25. Bxd7  Rxg1+
26. Rxg1  cxb3  27. Be6
Qc5+  28. Qc4  bxa2
29. Kc2  Qxf2  30. Rf1
Qg2  31. Qxa2  f3
32. Rxf3  Bg5  33. Kd1
Qxd2+  34. Qxd2  Bxd2
35. Kxd2  a2  36. Rf1
a1=Q  37. Rxa1  Rxa1
38. b6 cxb6  39. d6  Ra4
40. Bd5  Ra8  41. d7
b5  42. Kc3  Rd8
43. Be6  b4+  44. Kxb4
b5  45. Kc5  Rb8
46. Kd6  b4  47. Kc7
Rf8  48. d8=Q  Rxd8
49. Kxd8  b3  50. Ke7
b2  51. Ba2  b1=Q
52. Bxb1  Kg8  53. Kf6
Kh8  54. Kxe5  Kg8
55. Kf6  Kh8  56. e5
Kg8  57. e6  Kf8
58. Bg6  hxg6  59. h7
1-0

[Event "MCR mladeze 2019 - H14"]
[Site "Kouty nad Desnou"]
[Date "2019.03.13"]
[Round "6"]
[White "Mach, Petr"]
[Black "Petricek, Lukas"]
[Result "1-0"]
[WhiteElo "1974"]
[BlackElo "1879"]
[EventDate "2019.03.09"]

1. e4  c5  2. Nf3  d6
3. d4  cxd4  4. Nxd4
Nf6  5. Nc3  a6
6. Be3  e6  7. g4  e5
8. Nf5  g6  9. g5
gxf5  10. exf5  d5
11. Qf3  d4  12. O-O-O
Nbd7  13. Bxd4  exd4
14. Rxd4  Bg7  15. gxf6
Qxf6  16. Qe3+  Kf8
17. Nd5  Qd6  18. Rd2
Nc5  19. f6  Bf5
20. fxg7+  Kxg7  21. Ne7
Qe6  22. Qxc5  Bg4
23. Bc4  Qe4  24. Qd4+
Qxd4  25. Rxd4  Be6
26. Nd5  Rac8  27. Rg1+
Kf8  28. Nb6  Re8
29. Bxe6  fxe6  30. Rd7
Re7  31. Rd8+  Re8
32. Rxe8+  Kxe8  33. Rg7
Rf8  34. Rxb7 1-0

[Event "MCR mladeze 2019 - H14"]
[Site "Kouty nad Desnou"]
[Date "2019.03.13"]
[Round "6"]
[White "Prochazka, Vojtech"]
[Black "Gnojek, Petr"]
[Result "0-1"]
[WhiteElo "1686"]
[BlackElo "2147"]
[EventDate "2019.03.09"]

1. e4  c5  2. Nf3  e6
3. d4  cxd4  4. Nxd4
Nf6  5. Nc3  d6
6. g4  h6  7. h4  Nc6
8. Rg1  h5  9. gxh5
Nxh5  10. Bg5  Nf6
11. Qd2  e5  12. Nxc6
bxc6  13. O-O-O  Be6
14. f4  Qb6  15. Be2
Qa5  16. a4  Rb8
17. b3  Qb4  18. Qd3
Nd7  19. Nb1  Nc5
20. Qc3  Qxc3  21. Nxc3
f6  22. f5  Bxb3
23. cxb3  Nxb3+  24. Kc2
fxg5  25. hxg5  Nd4+
0-1

[Event "MCR mladeze 2019 - H14"]
[Site "Kouty nad Desnou"]
[Date "2019.03.13"]
[Round "6"]
[White "Vantuch, Lucian"]
[Black "Frank, Adam"]
[Result "1/2-1/2"]
[WhiteElo "1978"]
[BlackElo "2087"]
[EventDate "2019.03.09"]

1. e4  d6  2. d4  Nf6
3. Nc3  g6  4. f4
Bg7  5. Nf3  O-O
6. Be3  b6  7. h3
Bb7  8. Bd3  c5
9. d5  e6  10. dxe6  fxe6
11. f5  exf5  12. exf5
Qe7  13. Kf2  Nbd7
14. Re1  Ne5  15. Nxe5
dxe5  16. Kg1  Rad8
17. fxg6  hxg6  18. Qe2
e4  19. Bg5  Qe5
20. Bxf6  Qxf6  21. Nxe4
Qh4  22. c3  Rfe8
23. Bc2  Re7  24. Qf2
Qxf2+  25. Nxf2  Rxe1+
26. Rxe1  Rd2  27. Bxg6
Rxb2  28. Re8+  Bf8
29. h4  Kg7  30. h5
Rxa2  31. Rd8  Bc6
32. Rc8  Bd5  33. Rc7+
Kg8  34. c4  Ra1+
35. Kh2  Bd6+  36. g3
Bxc7  37. cxd5 Ra2  38. Kg1
Bxg3  39. Ne4  Be5
40. h6  Ra1+  41. Kg2
Ra2+  42. Kf3  Rh2
43. h7+  Rxh7  44. Bxh7+
Kxh7  45. d6  Kg6
46. d7  Bc7  47. Nd6
Kf6  48. Ne8+  Ke7
49. Nxc7  Kxd7  50. Nd5
Kc6  51. Ke4  a5
52. Ne3  b5  53. Kd3
a4  54. Nc2  Kb6
55. Kc3  Ka5  56. Na1
Kb6  57. Nc2  Kc6
58. Ne3  Kd6  59. Nc2
Kd5  60. Ne3+  Ke4
61. Nc2  a3  62. Kb3
b4  63. Kc4  a2
64. Na1  Ke3  1/2-1/2

[Event "MCR mladeze 2019 - H14"]
[Site "Kouty nad Desnou"]
[Date "2019.03.13"]
[Round "6"]
[White "Dudek, Vojtech"]
[Black "Nguyen, Thai Dai Vinh"]
[Result "1/2-1/2"]
[WhiteElo "2025"]
[BlackElo "1936"]
[EventDate "2019.03.09"]

1. d4  Nf6  2. Bf4  d5
3. e3  c5  4. c3
Nc6  5. Nd2  Bf5
6. Qb3  Qd7  7. Ngf3
c4  8. Qd1  e6
9. Be2  h6  10. O-O  Be7
11. b3  cxb3  12. axb3
O-O  13. b4  Bd6
14. b5  Ne7  15. Ne5
Qc7  16. c4  Nd7
17. Nxd7  Qxd7  18. Bxd6
Qxd6  19. c5  Qc7
20. Qb3  e5  21. Ra3
exd4  22. exd4  Qf4
23. Qe3  Ng6  24. Rfa1
Rfe8  25. Qxf4  Nxf4
26. Bf1  Ne2+  27. Bxe2
Rxe2  28. Nf3  Rb2
29. Ra5  Bd3  30. h3
Rxb5  31. Rxa7  Rxa7
32. Rxa7  f6  33. Kh2
Rxc5 1/2-1/2

[Event "MCR mladeze 2019 - H14"]
[Site "Kouty nad Desnou"]
[Date "2019.03.13"]
[Round "6"]
[White "Ret, Adam Josef"]
[Black "Hlavina, Matous"]
[Result "1/2-1/2"]
[WhiteElo "1888"]
[BlackElo "1985"]
[EventDate "2019.03.09"]

1. d4  Nf6  2. c4  g6
3. Nc3  d5  4. cxd5
Nxd5  5. Bd2  Bg7
6. e4  Nxc3  7. Bxc3
c5  8. d5  Bxc3+
9. bxc3  O-O  10. Be2
Qa5  11. Qd2  Nd7
12. Nf3  Nf6  13. Bd3
Rd8  14. c4  Qxd2+
15. Kxd2  b5  16. cxb5
c4  17. Bc2  e6
18. d6  Rxd6+  19. Ke2  Rb6
20. a4  a6  21. Ne5
axb5  22. axb5  Rxa1
23. Rxa1  Rxb5  24. Nxc4
Rc5  25. Ne3  Bb7
26. f3  Nh5  27. g3
Nf6  28. Bd3  Rc8
29. Nc4  Ra8  30. Rxa8+
Bxa8  31. Nd6  Kf8
32. Bb5  Ke7  33. Nc8+
Kd8  34. Nd6  Ke7
35. Nc8+  Kd8  36. Nd6
Ke7  37. Nc8+  1/2-1/2

[Event "MCR mladeze 2019 - H14"]
[Site "Kouty nad Desnou"]
[Date "2019.03.13"]
[Round "6"]
[White "Nezval, Filip"]
[Black "Vylicil, Adam"]
[Result "0-1"]
[WhiteElo "1847"]
[BlackElo "1468"]
[EventDate "2019.03.09"]

1. d4  Nf6  2. c4  g6
3. Nc3  d5  4. cxd5
Nxd5  5. e4  Nxc3
6. bxc3  Bg7  7. Bg5
c5  8. Rc1  Qa5
9. Qd2  h6  10. Bh4  Nc6
11. d5  Ne5  12. f4
Nd7  13. c4  Qa3
14. Bd3  g5  15. fxg5
Ne5  16. Bb1  Bg4
17. Ne2  hxg5  18. Bxg5
Bf3  19. O-O  Bxe2
20. Qxe2  Ng6  21. Qd3
Bd4+  22. Kh1  Qa6
23. g3  Ne5  24. Qe2
Qg6  25. Bf4  O-O-O
26. Bxe5  Bxe5  27. Kg2
Rxh2+  28. Kxh2  Qxg3+
0-1

[Event "MCR mladeze 2019 - H14"]
[Site "Kouty nad Desnou"]
[Date "2019.03.13"]
[Round "6"]
[White "Flajsman, Petr"]
[Black "Skypala, Ondrej"]
[Result "0-1"]
[WhiteElo "1826"]
[BlackElo "2013"]
[EventDate "2019.03.09"]

1. e4  e6  2. d4  d5
3. Nc3  Nf6  4. e5
Nfd7  5. f4  c5
6. Nf3  Nc6  7. Be3  a6
8. Qd2  Rb8  9. g4
b5  10. dxc5  Bxc5
11. Bxc5  Nxc5  12. Bd3
Bb7  13. O-O-O  Nb4
14. Be2  Qa5  15. a3
Nc6  16. Nb1  Qb6
17. Bd3  b4  18. b3
bxa3  19. Nxa3  Nb4
20. Be2  Rc8  21. Nd4
Na2+  22. Kb2  Nc3
23. f5  Qb4  24. Ra1
N5a4+  25. Kc1  Qxd4
26. Qxd4  Nxe2+  0-1

[Event "MCR mladeze 2019 - H14"]
[Site "Kouty nad Desnou"]
[Date "2019.03.13"]
[Round "6"]
[White "Rokos, Filip"]
[Black "Sedy, Matej"]
[Result "1-0"]
[WhiteElo "1848"]
[BlackElo "1367"]
[EventDate "2019.03.09"]

1. e4  e5  2. Nf3  Nf6
3. Nc3  Nc6  4. Bb5
d6  5. d3  a6
6. Ba4  b5  7. Bb3  Be7
8. h3  Bb7  9. Ne2
O-O  10. Ng3  g6
11. c3  Nb8  12. O-O
Nbd7  13. Qe2  Re8
14. Nh2  Bf8  15. Bg5
Bg7  16. Qd2  Nf8
17. f4  Ne6  18. f5
Nxg5  19. Qxg5  d5
20. fxg6  hxg6  21. Rf2
Qd6  22. Raf1  Nh7
23. Qe3  Re7  24. Ng4
Rf8  25. h4  c5
26. Nh6+  Bxh6  27. Qxh6  c4
28. Nf5  Qf6  29. Nxe7+
Qxe7  30. dxc4  dxc4
31. Bc2  Bc8  32. h5
Be6  33. hxg6  fxg6
34. Qxg6+  Kh8  35. Rxf8+
Nxf8  36. Qh5+  Kg7
37. Qxe5+  Kg6  38. Qg3+
Kh6  39. e5  Kh5
40. Qf3+  Bg4  41. Qxf8
Qxf8  42. Rxf8  1-0

[Event "MCR mladeze 2019 - H16"]
[Site "Kouty nad Desnou"]
[Date "2019.03.13"]
[Round "6"]
[White "Krizek, Krystof"]
[Black "Mica, Marek"]
[Result "0-1"]
[WhiteElo "1804"]
[BlackElo "2240"]
[EventDate "2019.03.09"]

1. e4  c6  2. d4  d5
3. f3  e6  4. Nc3
Bb4  5. Qd3  Ne7
6. Bd2  b6  7. Nge2
Ba6  8. Qe3  O-O
9. O-O-O  c5  10. g4
e5  11. Nxd5  Nxd5
12. exd5  exd4  13. Qb3
Bxd2+  14. Rxd2  Re8
15. c4  Re3  16. Qa4
b5  17. cxb5  Bb7
18. Bg2  Nd7  19. Ng3
Nb6  20. Qc2  Nxd5
21. Kb1  Qa5  22. Qf5
Qxd2  0-1

[Event "MCR mladeze 2019 - H16"]
[Site "Kouty nad Desnou"]
[Date "2019.03.13"]
[Round "6"]
[White "Volak, Simon"]
[Black "Martirosyan, Ara"]
[Result "0-1"]
[WhiteElo "1843"]
[BlackElo "1885"]
[EventDate "2019.03.09"]

1. c4  Nf6  2. Nc3  g6
3. g3  Bg7  4. Bg2
O-O  5. Nf3  d6
6. O-O  e5  7. d3  c6
8. Rb1  a5  9. a3
Na6  10. b4  axb4
11. axb4  Re8  12. Qc2
e4  13. Nd2  exd3
14. exd3  Bf5  15. Nde4
d5  16. cxd5  Nxd5
17. Nxd5  cxd5  18. Nc5
Rc8  19. Qb3  Nxc5
20. bxc5  Rxc5  21. Bb2
Qa5  22. Bxg7  Kxg7
23. Qxb7  Bxd3  24. Ra1
Qc3  25. Ra7  Qf6
26. Rd1  Re2  27. f3
Rcc2  28. Rxd3  Rxg2+
29. Kh1  Rxh2+  30. Kg1
Rhg2+  31. Kh1  Rxg3
32. Ra4  Rc4 0-1

[Event "MCR mladeze 2019 - H16"]
[Site "Kouty nad Desnou"]
[Date "2019.03.13"]
[Round "6"]
[White "Novotny, Ondrej"]
[Black "Szotkowski, David"]
[Result "0-1"]
[WhiteElo "1933"]
[BlackElo "1709"]
[EventDate "2019.03.09"]

1. e4  c6  2. d4  d5
3. e5  Bf5  4. Nf3
e6  5. Be2  h6
6. h4  Ne7  7. Be3  Nd7
8. b3  Bh7  9. Nbd2
Nf5  10. c4  Nxe3
11. fxe3  Be7  12. g3
O-O  13. O-O  f6
14. exf6  Bxf6  15. Nh2
Qc7  16. Kg2  e5
17. Ndf3  Be4  18. Ng4
Rae8  19. cxd5  cxd5
20. Bb5  a6  21. Rc1
Qd6  22. Bxd7  Qxd7
23. Nxf6+  Rxf6  24. Kh2
Ref8  25. Nxe5  Rf2+
0-1

[Event "MCR mladeze 2019 - H16"]
[Site "Kouty nad Desnou"]
[Date "2019.03.13"]
[Round "6"]
[White "Kucera, Tomas"]
[Black "Fojt, Petr"]
[Result "0-1"]
[WhiteElo "1904"]
[BlackElo "2058"]
[EventDate "2019.03.09"]

1. c4  Nf6  2. Nc3  c5
3. Nf3  Nc6  4. g3
d5  5. cxd5  Nxd5
6. Bg2  Nc7  7. O-O
e5  8. d3  Be7
9. Bd2  Be6  10. Qa4  O-O
11. Rfc1  f6  12. a3
Qd7  13. Ne4  Na6
14. Be3  Nd4  15. Qxd7
Bxd7  16. Nxd4  cxd4
17. Bd2  b6  18. f4
Rac8  19. fxe5  fxe5
20. Bg5  Bxg5  21. Nxg5
Nc5  22. Bd5+  Kh8
23. Nf7+  Rxf7  24. Bxf7
Rf8  25. Bd5  Bg4
26. Rc2  h6  27. Rac1
a5  28. Bc6  Rf6
29. b4  axb4  30. axb4
Rxc6  31. bxc5  bxc5
32. Kf2  Rf6+  33. Ke1
Re6  34. Kd2  e4
35. Re1  e3+  36. Kc1
Rc6  37. Rf1  Be6
38. Rf4  Ra6  39. Kb1
Rb6+  40. Kc1  Ra6
41. Re4  Bf5  42. Re5
Bg4  43. Rexc5  Ra1+
44. Kb2  Re1  45. Rc1
Rxe2+  46. R5c2  Rd2
47. Re1  Rxd3  48. Kc1
e2  49. Rexe2  Bxe2
50. Rxe2  Kh7  51. Rd2
Rxd2  52. Kxd2  Kg6
53. Kd3  Kf5  54. Kxd4
Kg4  55. Ke4  Kh3
56. Kf5  Kxh2  57. g4
Kg3  58. g5  h5
59. Ke6  h4  60. g6  h3
61. Kf7  h2  62. Kxg7
h1=Q  63. Kg8  Qd5+
64. Kh8  Qd8+  65. Kh7
Qh4+  66. Kg8  Kf4
67. g7  Kf5  68. Kf8
Qf6+  0-1

[Event "MCR mladeze 2019 - H16"]
[Site "Kouty nad Desnou"]
[Date "2019.03.13"]
[Round "6"]
[White "Nemec, David"]
[Black "Pavlicek, Lukas"]
[Result "1/2-1/2"]
[WhiteElo "1895"]
[BlackElo "2003"]
[EventDate "2019.03.09"]

1. e4  c5  2. c3  Nf6
3. e5  Nd5  4. d4
cxd4  5. cxd4  Nc6
6. Nf3  d6  7. exd6
Qxd6  8. Nc3  Bg4
9. Be2  e6  10. O-O
Be7  11. Be3  O-O
12. h3  Bh5  13. a3
Rfd8  14. Qb3  Rac8
15. Rfd1  Na5  16. Qb5
Qb6  17. Nxd5  exd5
18. Qxb6  axb6  19. Rac1
Nc4  20. g4  1/2-1/2

[Event "MCR mladeze 2019 - H16"]
[Site "Kouty nad Desnou"]
[Date "2019.03.13"]
[Round "6"]
[White "Hofman, Krystof"]
[Black "Stinka, Jakub"]
[Result "0-1"]
[WhiteElo "2012"]
[BlackElo "2196"]
[EventDate "2019.03.09"]

1. d4  c5  2. dxc5  Qa5+
3. c3  Qxc5  4. Nf3
Nf6  5. g3  g6
6. Bg2  Bg7  7. O-O  O-O
8. Nbd2  Qc7  9. Re1
d5  10. e4  dxe4
11. Nxe4  Nxe4  12. Rxe4
Nc6  13. Re1  Bf5
14. Be3  Rad8  15. Qa4
e5  16. Ng5  Na5
17. b4  Nc4  18. Qxa7
Nxe3  19. fxe3  Qxc3
20. Qxb7  Rb8  21. Rac1
Qd2  22. Qe7  h6
23. Ne4  Qxa2  24. Rc7
Qa3  25. Rb7  Rxb7
26. Qxb7  Be6  27. Nc5
Qc3  28. Kf2  Bc4
29. Bf1  Qc2+  30. Be2
Rd8  31. Qf3  Rd2
32. Kf1  e4  33. Qg2
Rxe2  34. Rxe2  Qd1+
35. Kf2  Qxe2+  0-1

[Event "MCR mladeze 2019 - H16"]
[Site "Kouty nad Desnou"]
[Date "2019.03.13"]
[Round "6"]
[White "Placer, Sebastian"]
[Black "Barak, David"]
[Result "1-0"]
[WhiteElo "1947"]
[BlackElo "2019"]
[EventDate "2019.03.09"]

1. c4  b6  2. d4  Bb7
3. Nc3  f5  4. Nf3
Nf6  5. e3  g6
6. b3  Bg7  7. Bb2  O-O
8. Be2  e6  9. Qc2
d6  10. O-O  Nbd7
11. Rad1  Qe7  12. Nd2
e5  13. d5  a5
14. a3  Kh8  15. b4  Nh5
16. Bxh5  gxh5  17. Nb5
c6  18. Nc7  Rac8
19. Ne6  Rg8  20. Qxf5
cxd5  21. cxd5  Bxd5
22. Ng5  Bf6  23. Nde4
Bc6  24. Rxd6  h6
25. Rxf6  Nxf6  26. Bxe5
Rcf8  27. Bxf6+  Rxf6
28. Nxf6  Rxg5  29. Qc8+
Kg7  30. Qxc6  Qxf6
31. Qc7+  Kg6  32. Rc1
Re5  33. bxa5  bxa5
34. Rc6  Re6  35. Rxe6
Qxe6  36. Qxa5  Qb3
37. g3  Qb1+  38. Kg2
Qe4+  39. Kg1  Qb1+
40. Kg2  Qe4+  41. Kf1
Qb1+  42. Ke2  Qb2+
43. Qd2  Qa1  44. Qd6+
Kf7  45. Qxh6  Qxa3
46. Qxh5+  Kg7  47. Qe5+
Kg8  48. Kf3  Qa8+
49. Qe4  Qf8+  50. Qf4
Qa8+  51. Kg4  Qa2
52. Kg5  Qe6  53. Qg4
Qc6  54. Qf5  Qc7
55. Qg6+  Kh8  56. Qf6+
Kh7  57. f4  Qb7
58. e4  Qa7  59. e5
Qf2  60. e6  Qxh2
61. Qf7+  1-0

[Event "MCR mladeze 2019 - H16"]
[Site "Kouty nad Desnou"]
[Date "2019.03.13"]
[Round "6"]
[White "Ocko, Dominik"]
[Black "Polansky, Adam Lubos"]
[Result "0-1"]
[WhiteElo "1914"]
[BlackElo "2018"]
[EventDate "2019.03.09"]

1. Nf3  Nf6  2. g3  d5
3. b3  g6  4. Bb2
Bg7  5. Bg2  O-O
6. O-O  c5  7. d4
Ne4  8. Ne5  Nc6
9. e3  Qc7  10. f4
h5  11. c4  Bf5
12. Nd2  cxd4  13. Nxe4  Nxe5
14. fxe5  Bxe4  15. Bxe4
dxe4  16. exd4  f5
17. Qd2  Kh7  18. Qb4
e6  19. Qd6  Qf7
20. Rae1  Rfd8  21. Qb4
Qc7  22. Qc3  Rac8
23. a4  Bf8  24. Bc1
Rxd4  25. Qxd4  Bc5
26. Be3  Bxd4  27. Bxd4
Qa5  28. Rd1  Rd8
29. Kg2  Rd7  30. Bb6
Rd2+  31. Rf2  Rxf2+
32. Bxf2  Qc3  33. Rd7+
Kh6  34. Rxb7  e3
0-1